00507 2200193 4500001002100000005001500021035002000036245004900056100001700105300003100122260003100153082001400184084002000198020002200218008004100240650001000281990001100291990001100302INLIS00000000000144420240828022359 a0010-01230000011 aMurder in the Crooked Hourse /cSoji Shimada0 aSoji Shimada a398 hlm :bilust. ;c20 cm aJakarta :bGramedia,c2020 a899.221 3 a899.221 3 SOJ m a978-602-06-3844-7240828 0  4aNovel a002661 a002662